| 000 | 01578nam a2200241Ia 4500 | ||
|---|---|---|---|
| 003 | Ost | ||
| 005 | 20260507075008.0 | ||
| 008 | 260507s9999||||xx |||||||||||||| ||und|| | ||
| 020 | _a9773831175 | ||
| 040 | _cfsecg | ||
| 041 | _aara | ||
| 082 | _a336.014 | ||
| 100 |
_aخوني، رابح _eمؤلف |
||
| 245 | 0 |
_aالمؤسسات الصغيرة و المتوسطة و مشكلات تمويلها / _c رابح خوني |
|
| 250 | _aطبعة 1 | ||
| 260 |
_aالقاهرة: _bايتراك للنشر, _c2008 |
||
| 300 |
_a202 صفحة؛ _c24 سم |
||
| 520 | _aلقد هيمن خيار التوجه نحو إنشاء المؤسسات الكبيرة لفترة طويلة من الزمن على الفكر الاقتصادى ، وقد كان هذا التفضيل نابعاً من قناعة قدرة هذا النوع من المشاريع على توفير قاعده صناعية وبنية تحتية وركيزة للتنمية الاقتصادية والاجتماعية ، غير أن التغيرات الكبيرة والكثيرة التى حملتها نهاية القرن العشرين غيرت الاتجاه نحو تفضيل وتشجيع إنشاء وقيام المؤسسات الصغيره والمتوسطة حتى أصبحت هذه الأخيرة ميزة مختلف اقتصاديات دول العالم خاصة المتقدم منه ، وأبرز مثال على ذلك الاقتصاد اليابانى | ||
| 653 | _aالتمويل | ||
| 653 | _aالمؤسسة | ||
| 700 |
_aحساني، رقية _eمؤلف ثانوي |
||
| 942 | _cكتاب | ||
| 999 |
_c42137 _d42137 |
||